000 00582nam a2200193Ia 4500
005 20250923145357.0
008 008 250917s9999 xx 000 0 eng d
037 _aTextual
040 _aDSWL
_beng
_cDSWL
041 _aeng
_2eng
084 _aY:45:5n1,N52, N76
_qDSWL
245 0 _aInternational review of criminal policy No.3 1976
_cby United Nations
260 _aNew York
_b United Nations Publications
_c1976
300 _av,94 p.
365 _aINR
_b59 . 22
925 _g59 . 22
942 _cTEXL
_hY:45:5n1,N52, N76
999 _c1450629
_d1450629